| 000 | 01339cam a22002531 4500 | ||
|---|---|---|---|
| 001 | med47001924 | ||
| 003 | DLC | ||
| 005 | 20260227111604.0 | ||
| 008 | 871215s1947 dcu f000 0 eng | ||
| 010 | _amed47001924 | ||
| 035 | _a(OCoLC)17241264 | ||
| 040 |
_aDLC _cTxDaM-L _dDLC |
||
| 050 | 0 | 0 |
_aKF27 _b.I55 1947h |
| 082 | _a362.1 | ||
| 086 | 0 | _aY 4.In 8/4:P 96/14 | |
| 110 | 1 |
_aUnited States. _bCongress. _bHouse. _bCommittee on Interstate and Foreign Commerce. |
|
| 245 | 0 | 0 |
_aPublic Health Service, extension of hospital service. _bHearing before a subcommittee of the Committee on Interstate and Foreign Commerce, House of Representatives, Eightieth Congress, first session, On H.R. 3073, a bill to amend forty-second United States Code 253(b) (Public Health Service act of July 1, 1944,) and H.R. 3784, a bill to authorize the Public Health Service to admit to its hospitals persons committed by state courts who are beneficiaries of the service or narcotic addicts. July 21, 1947. |
| 260 |
_aWashington, _bU.S. Govt. Print. Off., _c1947. |
||
| 300 |
_aiii, 12 p. _c23 cm. |
||
| 500 | _aRobert Hale, chairman of subcommittee. | ||
| 530 | _aAvailable also in microform in CIS US congressional committee hearings, accession number (80)H1155-5. | ||
| 650 | 0 |
_aPublic health _zUnited States. |
|
| 650 | 0 |
_aHospitals _zUnited States. |
|
| 999 |
_c38463 _d38463 |
||